clickback ball knowledge 3 - Statistics

General Stats
  • This quiz has been taken 4 times
  • The average score is 8 of 22
Answer Stats
Hint Answer % Correct
Chartreuse is a shade of what ROYGBIV color? green / yellow
100%
How about vermillion? red / orange
100%
The song "Staying Alive" is commonly used as a pacekeeper for CPR, how many BPM's is ideal of CPR? 100
75%
What vegtable stalk is commonly sticking out of a 'Bloody Mary' cocktail? celery
75%
1 astronomical unit (au) is the distences between what 2 celectisal bodies? (put 1 here, the second in the next box) earth / sun
75%
what is the process called when you split an atom to release the energy? nuclear fission
75%
How many oz is the medium size smoothie at the chain smoothie bar 'Smoothie King' 32
50%
Caffine's predicable decay process in the human body takes how long? 4 - 6 hours
50%
Virginia is for ______ Lovers
50%
Celestial body 2 sun / earth
50%
Under what heart rate (bpm) is considered bradycardic? 60
25%
Bifocals refer to what commonly used aid? eyeglasses
25%
What is the name of the teleportation jutsu used by Minato Namikaze? Flying Thunder God / Flying Rajin
25%
What element, when written at the beginning of the molecule is a good indicator for an acid? H / hydrogen
25%
write the scientific notation multiplier for the prefix 'micro'. ( 1 x 10^x -- fill in the 'x') 1 x 10^-6
0%
what is the name of the swordmaster who trains Paul Atreides in the 'Dune' universe? Duncan Idaho / Gurney Halleck
0%
Carbon dating is a process that archeologist use to determine the age of organic material by measuing the amount of a carbon isotope. What is the name of the predictable decay process of this (and other) isotopes? Half life
0%
'Trilogy' by the weeknd is a compliation of 3 smaller mixtapes, name 1 of these mixtapes. House of Ballons / Echoes of Silence / Thursday
0%
Sentences like "The quick brown fox jumps over the lazy dog" contan all the leters of the English alphabet, what are these sentences known as? pangrams
0%
Purple is commonly associated with royalty due to the extremly exprensive cost to process purple dye, where does this dye come from? snails
0%
What kind of champane does Bruno Mars enjoy on ice? stawberry
0%
Nalgene is a brand that is known for what product? waterbottles
0%
No matching quizzes found
Score Distribution
Percent of People with Each Score
Percentile by Number Answered
Your Score History
You have not taken this quiz